00359nam a2200121Ia 4500008004100000040001700041041001200058082001700070100001700087245007800104260004400182300001100226230917s9999||||xx |||||||||||||| ||und|| e204269aMAIN aEnglish a005.713 S31D aSalaria, R S 0aData structures and algorithms using C: Theory, design and implementation aNew DelhibKhanna Book Publishingc2001 a381 p.